000 00382nam a2200133Ia 4500
005 20260326100045.0
008 260326s9999||||xx |||||||||||||| ||und||
100 _aFonseca Martínez, Lorenzo
245 0 _aLa Arquitectura de la Vivienda Rural en Colombia - Vol. 2 /
_cLorenzo Fonseca Martínez
260 _bProa
300 _a203 p.
650 _aARQUITECTURA REGIONAL
942 _cBK
999 _c7143
_d7143